| 000 -LEADER |
| fixed length control field |
00917cam a22002777a 4500 |
| 001 - CONTROL NUMBER |
| control field |
002154831 |
| 003 - CONTROL NUMBER IDENTIFIER |
| control field |
DLC |
| 005 - DATE AND TIME OF LATEST TRANSACTION |
| control field |
20190802111030.0 |
| 008 - FIXED-LENGTH DATA ELEMENTS--GENERAL INFORMATION |
| fixed length control field |
110706s2011 onca b 001 0 eng |
| 010 ## - LIBRARY OF CONGRESS CONTROL NUMBER |
| LC control number |
2010680982 |
| 020 ## - INTERNATIONAL STANDARD BOOK NUMBER |
| International Standard Book Number |
9781906523855 |
| 035 ## - SYSTEM CONTROL NUMBER |
| System control number |
(OCoLC)ocn671530608 |
| 040 ## - CATALOGING SOURCE |
| Original cataloging agency |
NLC |
| Language of cataloging |
eng |
| Transcribing agency |
NLC |
| Modifying agency |
CDX |
| -- |
VP@ |
| -- |
DLC |
| 042 ## - AUTHENTICATION CODE |
| Authentication code |
nbic |
| 082 ## - DEWEY DECIMAL CLASSIFICATION NUMBER |
| Classification number |
304.2 CHI |
| 100 1# - MAIN ENTRY--PERSONAL NAME |
| Personal name |
Chivers, Danny. |
| Relator term |
author |
| 245 14 - TITLE STATEMENT |
| Title |
The no-nonsense guide to climate change : |
| Remainder of title |
the science, the solutions, the way forward / |
| Statement of responsibility, etc. |
Danny Chivers. |
| 246 30 - VARYING FORM OF TITLE |
| Title proper/short title |
Climate change. |
| 260 ## - PUBLICATION, DISTRIBUTION, ETC. |
| Place of publication, distribution, etc. |
Toronto : |
| Name of publisher, distributor, etc. |
New Internationalist / BTL, |
| Date of publication, distribution, etc. |
[2011] |
| 300 ## - PHYSICAL DESCRIPTION |
| Extent |
207 p. : |
| Other physical details |
ill. ; |
| Dimensions |
18 cm. |
| 490 0# - SERIES STATEMENT |
| Series statement |
The no-nonsense guides. |
| 500 ## - GENERAL NOTE |
| General note |
New ed. with a new author ; previous 2nd ed. authored by Dinyar Godrej. |
| 504 ## - BIBLIOGRAPHY, ETC. NOTE |
| Bibliography, etc. note |
Includes bibliographical references (p. 197-200) and index. |
| 650 #0 - SUBJECT ADDED ENTRY--TOPICAL TERM |
| Topical term or geographic name entry element |
Climatic changes. |
| 942 ## - ADDED ENTRY ELEMENTS (KOHA) |
| Source of classification or shelving scheme |
|
| Koha item type |
Books - Non Ficton |